[Event "ICS Rated blitz match"]
[Site "204.178.125.65"]
[Date "1999.09.29"]
[Round "?"]
[White "ThunderLips"]
[Black "Hossa"]
[Result "1-0"]
[WhiteElo "2420"]
[BlackElo "2469"]
[Annotator "Fritz 5.32 (60s)"]
[PlyCount "189"]
[EventDate "1999.??.??"]

1. e4 e6 2. d4 d5 3. e5 c5 4. c3 Bd7 5. Bd3 (5. Nf3 a6 6. Be3 (6. Bd3 cxd4 7.
cxd4 Bb5 8. O-O Ne7 9. Nc3 Bxd3 10. Qxd3 Nec6 11. Be3 Be7 12. Rac1 O-O 13. Nd2
Nd7 14. f4 f5 15. h3 Bb4 16. Nf3 Qa5 17. a3 Bxc3 18. Rxc3 Qb5 19. Qc2 a5 20. g4
20... g6 {Praznik,N-Krivoshey,S/Mlada Boleslav op 1995/EXT 97/0-1 (45)}) 6...
cxd4 7. Nxd4 Ne7 8. Bd3 Nec6 9. f4 Nxd4 10. cxd4 Bb4+ 11. Nd2 Bb5 12. Bxb5+
axb5 13. O-O O-O 14. f5 exf5 15. Rxf5 Qd7 16. Rh5 Ra6 17. Nf3 Be7 18. Bg5 Nc6
19. Qd3 19... h6 {Mukhametov,E-Eingorn,V/Berlin 1994/EXT 97/0-1 (49)}) 5...
cxd4 6. cxd4 Nc6 7. Nf3 $146 (7. Ne2 Nb4 8. O-O Nxd3 9. Qxd3 f6 10. exf6 Nxf6
11. Bf4 Be7 12. Nbc3 O-O 13. Rfe1 Qb6 14. h3 Rf7 15. a4 a5 16. Nb5 Bxb5 17.
Qxb5 Qxb5 18. axb5 Bb4 19. Rec1 Ne4 20. f3 Nd2 21. Rc2 21... Nb3 {
Baumann,C-Thomi,R/SWZ-chW int 1992/TD/1-0 (61)}) 7... Bb4+ $14 (7... Qb6 8. Bc2
$11) 8. Nc3 Nge7 9. O-O Rc8 10. Ne2 O-O 11. a3 Ba5 12. b4 Bb6 13. b5 Na5 14.
Bg5 Qe8 15. a4 15... Nc4 {Der Brueckenkopf c4} 16. Qb1 Ng6 17. Rd1 17... Bd8
$14 (17... Ba5 18. Rc1 $11) 18. Bc1 $11 (18. Bxd8 Qxd8 19. Rc1 19... Qa5 $14)
18... Be7 19. h4 19... h6 {Deckt g5} 20. h5 Nh4 21. Nd2 Nxd2 (21... a6 22. bxa6
bxa6 23. Qa2 $11) 22. Bxd2 22... f6 {Verwehrt dem Gegner g5} 23. Bh7+ Kh8 24.
exf6 Rxf6 25. Ng3 Bd6 26. Qd3 Qf8 27. Be1 $19 (27. Rf1 $5 $15 {
ist die kritische Fortsetzung}) 27... Qe7 $15 (27... Nf3+ $5 $142 28. gxf3
28... Rxf3 $17) 28. Bd2 28... e5 $11 (28... Rcf8 29. Be3 $15) 29. dxe5 Bxe5 30.
Rac1 Rxc1 (30... Rcf8 31. Be3 Bxg3 32. fxg3 Nf3+ 33. gxf3 Rxf3 34. Bf2 Rxd3 35.
Bxd3 $19) 31. Bxc1 Bg4 32. Ba3 $2 $19 (32. Re1 $5 $142 {ist noch spielbar}
32... Re6 33. Re3 $17) 32... Qf7 $17 (32... Qe6 $5 33. Rc1 Nxg2 34. Kxg2 Bf3+
35. Kh2 35... Be2 $19) 33. Bg6 Nxg6 34. hxg6 Qe8 35. Re1 {
Mit Qd4 waere Weiss nun aus dem Groebsten heraus} 35... Re6 (35... Rxg6 $2 {
ist nicht korrekt} 36. Rxe5 $1 {kraeftig gespielt} 36... Qxe5 37. Qxg6 $18) 36.
Rf1 (36. Kh1 Qd8 (36... Rxg6 $2 {ist ein Schlag ins Wasser} 37. Rxe5 Qxe5 38.
Qxg6 $18) 37. Bb4 Qh4+ 38. Kg1 Bxg3 39. fxg3 39... Qh5 $15) 36... Rxg6 (36...
Qxg6 $6 37. Qxd5 Bxg3 38. fxg3 $15) 37. Qe3 (37. Qxd5 $2 {geht nicht} 37...
Bxg3 38. fxg3 Qe3+ 39. Kh2 Qxa3 40. Qd8+ 40... Kh7 $19) 37... d4 (37... Qb8 38.
Qd3 Rf6 39. Qxd5 Bxg3 40. fxg3 Rxf1+ 41. Kxf1 Qxg3 42. Qxb7 Qf4+ 43. Kg1 Qxa4
44. Bc5 Qa1+ 45. Kf2 Qb2+ 46. Kg3 Qe5+ 47. Kxg4 Qxc5 48. Kf3 $17) 38. Qe4 Qe6
39. f4 39... Bd6 $11 (39... Bc7 $19 $142 {mit klarem Vorteil fuer Schwarz}) 40.
f5 $15 (40. Bxd6 Qxe4 (40... Qxd6 41. f5 Rg5 42. Qe8+ Kh7 43. Ne4 $18) 41. Nxe4
41... Bf5 $15) 40... Qxe4 41. Nxe4 Bxa3 42. fxg6 Bh5 43. Nc5 {Droht Matt} 43...
Bxc5 $14 (43... Bxg6 44. Nxb7 d3 45. a5 $14) 44. Rf5 d3+ 45. Rxc5 {
Droht Matt: Rc8} 45... Bxg6 46. Rc8+ Kh7 47. Kf2 Be4 48. g3 Bd5 49. Ke3 49...
Bb3 $2 $18 (49... a6 $16 $142) 50. a5 (50. Kxd3 $6 {ist minderwertig} 50...
Bxa4 51. Rc5 51... Kg6 $11) 50... Ba4 51. Rc7 (51. Kxd3 $6 {
ist naheliegend und schlecht} 51... Bxb5+ 52. Ke3 52... Kg6 $11) 51... Bxb5 52.
Rxb7 Bc4 53. Rxa7 Bb5 54. Rb7 d2 55. Kxd2 $1 {Boing!} 55... Bf1 56. Rb6 h5 57.
a6 Bg2 58. Rb8 (58. Ke3 {laesst dem Gegner kaum Chancen} 58... g6 $18) 58...
Kg6 (58... g5 {hilft auch nicht mehr} 59. Ke3 $18) 59. a7 (59. Ke3 {
gibt noch groesseren Vorteil} 59... Kf5 $18) 59... Kf5 60. a8=Q (60. Ke3 {
und Weiss haette es noch leichter} 60... g5 $18) 60... Bxa8 61. Rxa8 g6 62. Ra4
Kg5 63. Rf4 Kh6 64. Ke3 g5 65. Rf6+ (65. Rf3 {
erleichterte Weiss die Gewinnfuehrung} 65... Kg7 $18) 65... Kg7 66. Rd6 Kf7 67.
Rh6 Kg7 (67... h4 68. gxh4 Kg7 69. hxg5 Kf7 70. Ra6 Ke7 71. g6 Kd7 72. g7 Kc7
73. g8=Q Kd7 74. Qf7+ Kd8 75. Ra8#) 68. Rxh5 {Droht Matt} 68... Kf6 69. Ke4 {
Es droht Matt} 69... g4 (69... Ke6 {macht keinen grossen Unterschied} 70. Rxg5
Kd6 71. Rd5+ Kc7 72. Ke5 Kc6 73. Ke6 Kc7 74. Rc5+ Kb6 75. Kd6 Kb7 76. Rb5+ Ka6
77. Kc6 Ka7 78. Ra5+ Kb8 79. g4 Kc8 80. Ra8#) 70. Kf4 (70. Re5 Kg7 71. Kf5 Kg8
72. Kf6 Kf8 73. Kg6 Kg8 74. Re8#) 70... Ke6 71. Rg5 (71. Re5+ Kd7 72. Rd5+ Kc7
73. Ke5 Kc8 74. Kd6 Kb7 75. Rb5+ Ka6 76. Kc6 Ka7 77. Ra5+ Kb8 78. Ra6 Kc8 79.
Ra8#) 71... Kd6 (71... Ke7 {holt die Kuh nicht vom Eis} 72. Rd5 Ke6 73. Rd3 Kf6
74. Re3 Kg6 75. Re6+ Kg7 76. Kg5 Kf7 77. Re5 Kg7 78. Rf5 Kh7 79. Kf6 Kh6 80.
Kf7 Kh7 81. Rh5#) 72. Rxg4 {g3 setzt sich schnell in Bewegung} (72. Re5 Kc6 73.
Kf5 Kd6 74. Kf6 Kd7 75. Re6 Kd8 76. Re7 Kc8 77. Ke6 Kd8 78. Kd6 Kc8 79. Kc6 Kb8
80. Re8+ Ka7 81. Rd8 Ka6 82. Ra8#) 72... Kd5 73. Rg6 Kc5 74. Re6 Kd5 75. Re1
Kd6 76. g4 {Mit der Mattdrohung g5} 76... Kd7 (76... Kc5 {
nuetzt auch nichts mehr} 77. g5 Kd5 78. g6 Kc5 79. Rc1+ Kb6 80. g7 Kb5 81. g8=Q
Kb4 82. Qb8+ Ka5 83. Ra1#) 77. g5 Kc6 (77... Kd6 {hilft allerdings auch nicht}
78. g6 Kd5 79. g7 Kc4 80. g8=Q+ Kc3 81. Re3+ Kb4 82. Qb8+ Kc4 83. Ke4 Kc5 84.
Rc3#) 78. g6 Kd5 79. g7 Kc4 80. g8=Q+ Kc3 81. Qe6 (81. Re3+ Kb4 82. Qb8+ Kc4
83. Ke4 Kc5 84. Rc3#) 81... Kd2 (81... Kb4 {
aendert den traurigen Lauf der Dinge nicht} 82. Qb6+ Kc4 83. Rc1+ Kd5 84. Qc6+
Kd4 85. Rd1#) 82. Re2+ (82. Qe3+ Kc2 83. Re2+ Kd1 84. Qd2#) 82... Kd3 83. Qe3+
Kc4 84. Rc2+ (84. Qc1+ Kd5 85. Qc7 Kd4 86. Rd2#) 84... Kb4 85. Qc5+ Ka4 86. Qb6
Ka3 87. Rc3+ (87. Rc8 Ka4 88. Ra8#) 87... Ka4 88. Qd4+ (88. Rc8 Ka3 89. Ra8#)
88... Kb5 89. Ke3 (89. Qa7 Kb4 90. Qc5+ Ka4 91. Ra3#) 89... Ka6 90. Kd2 (90.
Qb4 Ka7 91. Ra3#) 90... Kb5 (90... Kb7 {hilft allerdings auch nicht} 91. Qb4+
Ka6 92. Ra3#) 91. Kc2 (91. Qa7 Kb4 92. Qc5+ Ka4 93. Ra3#) 91... Ka6 (91... Ka5
{hilft auch nicht mehr} 92. Rb3 Ka6 93. Qb6#) 92. Kb3 (92. Rb3 Ka5 93. Qa7#)
92... Kb7 93. Ka4 Kb8 (93... Ka8 {holt die Kuh nicht vom Eis} 94. Rc7 Kb8 95.
Qd8#) 94. Qg7 Ka8 95. Rc8# 1-0

[Event "ICS Rated blitz match"]
[Site "204.178.125.65"]
[Date "1999.08.30"]
[Round "?"]
[White "Tim"]
[Black "Hossa"]
[Result "0-1"]
[WhiteElo "2389"]
[BlackElo "2485"]
[PlyCount "102"]
[EventDate "1999.??.??"]

1. d4 Nf6 2. f3 d5 3. e4 dxe4 4. Nc3 exf3 5. Nxf3 e6 6. Bg5 Be7 7. Bd3 Nd5 8.
Bxe7 Qxe7 9. Qd2 Nc6 10. O-O O-O 11. a3 Bd7 12. Rae1 Nxc3 13. bxc3 Qxa3 14. Qf4
Qxc3 15. Re3 f5 16. Qxc7 Bc8 17. Qf4 Nb4 18. Be4 Qc4 19. Ne5 Qxd4 20. c3 Qd6
21. cxb4 fxe4 22. Qxe4 Rxf1+ 23. Kxf1 a5 24. b5 Qc5 25. Qf4 Qxb5+ 26. Kf2 Qe8
27. Rf3 b5 28. Ng4 Bb7 29. Nh6+ gxh6 30. Rg3+ Qg6 31. Rxg6+ hxg6 32. Qg4 Rf8+
33. Ke3 Rf6 34. Qd4 Rf5 35. Qd8+ Rf8 36. Qxa5 Bxg2 37. Qxb5 g5 38. Qe5 Bd5 39.
Kd4 Kh7 40. Ke3 Kg6 41. Kd4 h5 42. h3 Rf4+ 43. Kc5 Rh4 44. Qe3 Be4 45. Kd6 Bf5
46. Ke7 Rxh3 47. Qe5 h4 48. Qh8 Rf3 49. Qe8+ Kh6 50. Qh8+ Bh7 51. Kxe6 51... h3
{Tim resigns} 0-1

[Event "ICS Rated blitz match"]
[Site "204.178.125.65"]
[Date "1999.10.11"]
[Round "?"]
[White "Trifolium"]
[Black "Hossa"]
[Result "0-1"]
[WhiteElo "2433"]
[BlackElo "2356"]
[PlyCount "146"]
[EventDate "1999.??.??"]

1. e4 c5 2. Nc3 Nc6 3. Nf3 e6 4. Be2 Nf6 5. O-O d5 6. exd5 exd5 7. d4 cxd4 8.
Nxd4 Be7 9. Be3 O-O 10. Nxc6 bxc6 11. Re1 Re8 12. Bf3 Bb4 13. Qd3 Bg4 14. Bd4
Bxf3 15. Qxf3 Rxe1+ 16. Rxe1 Ne4 17. Re2 Bxc3 18. Bxc3 Qb6 19. Qd3 Re8 20. Qd4
f6 21. f3 Nd6 22. Rxe8+ Nxe8 23. a4 Nd6 24. a5 Qxd4+ 25. Bxd4 a6 26. Kf2 Nc4
27. b4 Na3 28. c3 Nc4 29. Ke2 Kf7 30. f4 h5 31. Be3 Ke6 32. Kd3 Kf5 33. Bc1 g6
34. Kd4 Ke6 35. Kc5 Kd7 36. Kd4 h4 37. Be3 Kd6 38. Bf2 g5 39. fxg5 fxg5 40. Be1
Kd7 41. Kc5 Kc7 42. h3 Nd6 43. Kd4 Kd7 44. Bd2 Ne4 45. Bc1 Ke6 46. c4 Kd6 47.
b5 axb5 48. a6 c5+ 49. Ke3 Kc7 50. cxd5 Nf6 51. d6+ Kb6 52. Kf3 Kxa6 53. Bxg5
Nd7 54. Bxh4 b4 55. Be1 Kb5 56. Ke4 Kc6 57. Bg3 Nf6+ 58. Kf5 Ne8 59. Ke6 Ng7+
60. Ke5 b3 61. d7 Kxd7 62. Kd5 b2 63. Be5 b1=Q 64. Bxg7 Qg6 65. Kxc5 Qxg7 66.
g4 Qc3+ 67. Kd5 Qxh3 68. Ke5 Qxg4 69. Kd5 Kc7 70. Kc5 Qe4 71. Kb5 Qd4 72. Ka5
Kc6 73. Ka6 73... Qa4# {Trifolium checkmated} 0-1

[Event "ICS Rated blitz match"]
[Site "204.178.125.65"]
[Date "1999.09.15"]
[Round "?"]
[White "VESta"]
[Black "Hossa"]
[Result "0-1"]
[WhiteElo "2076"]
[BlackElo "2388"]
[PlyCount "60"]
[EventDate "1999.??.??"]

1. e4 c5 2. Nc3 Nc6 3. Nf3 e6 4. Bb5 Nge7 5. O-O d5 6. exd5 exd5 7. d4 cxd4 8.
Nxd4 Bd7 9. Re1 a6 10. Bxc6 bxc6 11. Bg5 Qb8 12. Na4 f6 13. Nc5 fxg5 14. Nxd7
Kxd7 15. Qg4+ Ke8 16. Nxc6 Qc8 17. Re6 Kf7 18. Ne5+ Kg8 19. Re1 h5 20. Qh3 g4
21. Nxg4 hxg4 22. Qe3 Qc7 23. g3 Qxc2 24. Rxe7 Bxe7 25. Qe6+ Kh7 26. Qxe7 Qxb2
27. Re5 Qb1+ 28. Kg2 Rhe8 29. Rh5+ Kg8 30. Qd7 30... Qe4+ {VESta resigns} 0-1

[Event "ICS Rated blitz match"]
[Site "204.178.125.65"]
[Date "1999.09.17"]
[Round "?"]
[White "Varguz"]
[Black "Hossa"]
[Result "1-0"]
[WhiteElo "2891"]
[BlackElo "2451"]
[Annotator "Fritz 5.32 (20s)"]
[PlyCount "106"]
[EventDate "1999.??.??"]

1. e4 1... c5 {Opening = 2.c3 d5} 2. c3 d5 3. exd5 Qxd5 4. d4 Nf6 5. Nf3 e6 6.
Bd3 Nc6 7. O-O Be7 8. c4 Qd8 9. dxc5 Nd7 (9... O-O 10. a3 Bxc5 (10... a5 11.
Nc3 Bxc5 12. Bg5 Be7 13. Qe2 Nd4 14. Nxd4 Qxd4 15. Rfd1 Qc5 16. Bf4 Bd7 17. Ne4
Qc6 18. Be5 Nxe4 19. Bxe4 Qc8 20. Qd3 Rd8 21. Bxh7+ Kf8 22. Qg3 Bf6 23. Bd6+
Be7 24. Bxe7+ Kxe7 25. Qxg7 {
Kranzl,P-Grabher,H/Austria 1996/CBM 57 ext/1-0 (39)}) 11. Nc3 h6 12. Qe2 Bd6
13. Rd1 Qe7 14. b4 e5 15. Nd5 Nxd5 16. cxd5 Nb8 17. Bb2 Nd7 18. Re1 Re8 19. Qd2
a5 20. bxa5 Qd8 21. Bc3 Nc5 22. Nxe5 Bxe5 23. Rxe5 Rxe5 24. Bxe5 {
Yin Hao-Al Modiahki,M/Beijing 1995/EXT 97/ - (52)}) 10. Be3 $146 (10. a3 Nxc5
11. Bc2 Bf6 (11... Qxd1 12. Rxd1 Bf6 13. Be3 b6 14. Ra2 Bb7 15. Ng5 Ne5 16. b4
Ncd7 17. Ba4 h6 18. Bxd7+ Ke7 19. Nxf7 Kxf7 20. Ba4 Rhd8 21. Rad2 Rxd2 22. Rxd2
a5 23. bxa5 Rxa5 24. Bb5 Be4 25. Bxb6 Ra8 26. Rd1 {
Sveshnikov,E-Averkin,O/Moscow 1973/URS-ch/[ChessBase]/1-0 (61)}) 12. Qe2 a5 13.
Rd1 Qb6 14. Nbd2 a4 15. Ne4 Nxe4 16. Qxe4 g6 17. Qf4 Bg7 18. Ng5 f5 19. Be3
Qxb2 20. Qc7 O-O 21. Bc5 Qe5 22. Bd6 Qa5 23. Qxa5 Rxa5 24. Bxf8 24... Kxf8 {
Pedersen,N-Akesson,R/Farum 1993/TD/0-1 (65)}) 10... Nxc5 11. Bxc5 Bxc5 12. Nc3
O-O 13. a3 {Befestigt b4} 13... e5 14. b4 14... Bd4 {
Der Laeufer hat sein Ziel erreicht} 15. Nxd4 exd4 16. Nd5 {
Der Springer steht aktiv} 16... Re8 $14 (16... Be6 17. b5 Ne7 18. Nf4 $11) 17.
b5 {Weiss engt den Gegner ein} 17... Ne5 18. Be2 Nd7 19. Ra2 a6 20. bxa6 Rxa6
21. Qxd4 Rae6 22. Nc3 Qe7 23. Rb1 23... Ne5 $16 (23... b6 24. Nd5 Qd6 25. Qd1
$14) 24. Rd1 Nc6 25. Qb6 Qf6 26. Nd5 Qf5 27. Rad2 Qg5 (27... Rxe2 $4 {
den Laeufer zu nehmen, verliert} 28. Rxe2 Rf8 29. Rde1 $18) 28. Qb2 28... Rg6 {
Es droht Matt} 29. g3 29... Rd6 $2 (29... Rh6 $18 $142) 30. Ne7+ Qxe7 31. Rxd6
Bh3 (31... Qxe2 $4 {Schwarz kann den Laeufer nicht schlagen} 32. Qxe2 Be6 33.
f4 $18) 32. Qc2 Kh8 (32... Qxe2 $4 {Schwarz kann den Laeufer nicht nehmen} 33.
Qxe2 Be6 34. f4 $18) 33. c5 Ra8 (33... Qxe2 $4 {
der Laeufer darf nicht angetastet werden} 34. Qxe2 Rg8 35. Qf3 $18) 34. Bf3
34... Re8 {Droht Matt: Qe1} 35. Qb1 (35. Bxc6 $4 {waere ein schlimmer Fehler}
35... Qe1+ $3 {ein feines Opfer} 36. Rxe1 Rxe1#) 35... Ne5 36. Bxb7 {
Der Freibauer c5 ist ein wichtiges Motiv} (36. Qxb7 $4 36... Nxf3+ 37. Qxf3
Qe1+ 38. Rxe1 Rxe1#) 36... Bg4 37. Rc1 Rb8 38. Qa1 Nd7 39. Qd4 Bh3 40. Bg2 Ne5
(40... Be6 {aendert den traurigen Lauf der Dinge nicht} 41. Ra6 $18) 41. f4
Bxg2 42. Qxe5 Qxe5 43. fxe5 Bh3 44. c6 h6 45. c7 {Es droht Matt} 45... Rc8 46.
Rd8+ Kh7 47. a4 {Weiss fuehrt die Partie kraftvoll zu Ende} 47... Kg6 48. a5 {
Mit der Idee Rxc8} 48... Rxc7 49. Rxc7 Bf5 50. Rd6+ Kh7 51. Rxf7 {Droht Matt}
51... Bc2 52. e6 Ba4 53. a6 Bc2 1-0

[Event "ICS Rated blitz match"]
[Site "204.178.125.65"]
[Date "1999.09.28"]
[Round "?"]
[White "Yousef"]
[Black "Hossa"]
[Result "0-1"]
[WhiteElo "2309"]
[BlackElo "2398"]
[PlyCount "54"]
[EventDate "1999.??.??"]

1. e4 e6 2. d4 d5 3. Nc3 Nf6 4. e5 Ne4 5. Nxe4 dxe4 6. c3 c5 7. Be3 Nc6 8. f4
cxd4 9. cxd4 Be7 10. Ne2 O-O 11. Nc3 Qb6 12. Rb1 f6 13. Bc4 fxe5 14. fxe5 Nxe5
15. Bb3 Nd3+ 16. Kd2 Rf2+ 17. Bxf2 Nxf2 18. Qe2 Qxd4+ 19. Kc2 Qd3+ 20. Qxd3
exd3+ 21. Kd2 Bg5+ 22. Ke1 Nxh1 23. Kf1 Be3 24. Ne4 Bd7 25. g3 Rf8+ 26. Kg2 Bc6
27. Bxe6+ 27... Kh8 {Yousef resigns} 0-1

[Event "ICS Rated blitz match"]
[Site "204.178.125.65"]
[Date "1999.09.24"]
[Round "?"]
[White "Zippy"]
[Black "Hossa"]
[Result "1/2-1/2"]
[WhiteElo "2414"]
[BlackElo "2394"]
[PlyCount "86"]
[EventDate "1999.??.??"]

1. e4 c5 2. Nf3 d6 3. d4 cxd4 4. Nxd4 Nf6 5. Nc3 a6 6. Bg5 Nbd7 7. Bc4 Nb6 8.
Bb3 e5 9. Nf3 Be7 10. h3 O-O 11. O-O Be6 12. Qe2 Rc8 13. Bxe6 fxe6 14. a4 Nc4
15. b3 Nb6 16. Bd2 Qe8 17. Rfd1 Nbd7 18. Ng5 Bd8 19. Qd3 Rc6 20. b4 Bb6 21. Be3
Bxe3 22. Qxe3 Nb6 23. b5 Nc4 24. Qa7 axb5 25. axb5 Rc7 26. b6 Rc6 27. Qxb7 Rxb6
28. Qc7 Rc6 29. Qb7 Rc8 30. Ra7 Nh5 31. g4 Qg6 32. Nxe6 Qxe6 33. Nd5 Rb8 34.
Qc7 Qf7 35. Qxf7+ Rxf7 36. Rxf7 Kxf7 37. gxh5 Rb2 38. Ra1 Nd2 39. Ra7+ Kf8 40.
Ra8+ Kf7 41. Ra7+ Kf8 42. Ra8+ Kf7 43. Ra7+ 43... Kf8 {Game drawn by repetition
} 1/2-1/2

[Event "ICS Rated blitz match"]
[Site "204.178.125.65"]
[Date "1999.09.29"]
[Round "?"]
[White "Zippy"]
[Black "Hossa"]
[Result "1-0"]
[WhiteElo "2328"]
[BlackElo "2512"]
[PlyCount "161"]
[EventDate "1999.??.??"]

1. e4 c5 2. Nf3 d6 3. d4 cxd4 4. Nxd4 Nf6 5. Nc3 a6 6. Be2 e5 7. Nf3 Be7 8. O-O
Nc6 9. Bg5 Be6 10. Qd3 O-O 11. Rfd1 Qb6 12. Be3 Qc7 13. Ng5 Rad8 14. f3 Nb4 15.
Qd2 d5 16. Nxe6 fxe6 17. a3 dxe4 18. Qc1 exf3 19. Bxf3 Rxd1+ 20. Qxd1 Bc5 21.
Bxc5 Qxc5+ 22. Kh1 Nbd5 23. Ne4 Qb6 24. b4 Nxe4 25. Bxe4 Nf6 26. Bd3 Qd4 27.
Qb1 e4 28. Be2 Qc3 29. Qa2 Kh8 30. Rf1 e5 31. h3 Rc8 32. Qe6 Rg8 33. Rxf6 Qe1+
34. Kh2 Qxe2 35. Rf7 Qxc2 36. Qxe5 Qb3 37. Rxb7 Qxa3 38. Qxe4 Qc3 39. Qf4 h6
40. Qd6 Ra8 41. Re7 Rf8 42. Ra7 Rf6 43. Qe7 Rg6 44. Qe4 Qc6 45. Ra8+ Kh7 46.
Qxc6 Rxc6 47. Kg3 Rb6 48. Ra7 Kg6 49. Kf3 Kf6 50. g4 Ke5 51. Rxg7 Rxb4 52. Re7+
Kd5 53. Rd7+ Kc5 54. Rc7+ Kd5 55. Ra7 Rb3+ 56. Kf4 Ra3 57. h4 Ke6 58. Rh7 Ra4+
59. Kg3 Ra3+ 60. Kf2 a5 61. Rxh6+ Kd5 62. g5 Ra4 63. g6 Rb4 64. g7 Rg4 65. Rh7
a4 66. Kf3 Rg1 67. Rh5+ Ke6 68. Ra5 a3 69. h5 a2 70. h6 Kf7 71. Rxa2 Rg6 72.
Ra7+ Kg8 73. Ra8+ Kf7 74. Rf8+ Ke7 75. g8=Q Rg1 76. Qf7+ Kd6 77. Rd8+ Kc6 78.
Qd5+ Kc7 79. Rd7+ Kb6 80. Rb7+ Ka6 81. Qb5# {Hossa checkmated} 1-0

[Event "ICS Rated blitz match"]
[Site "204.178.125.65"]
[Date "1999.09.24"]
[Round "?"]
[White "Zippy"]
[Black "Hossa"]
[Result "1-0"]
[WhiteElo "2379"]
[BlackElo "2412"]
[PlyCount "61"]
[EventDate "1999.??.??"]

1. e4 c5 2. Nf3 d6 3. d4 cxd4 4. Nxd4 Nf6 5. Nc3 e6 6. Bg5 Be7 7. Bb5+ Nbd7 8.
O-O O-O 9. Be3 d5 10. exd5 Nxd5 11. Nxd5 exd5 12. Nf5 Bf6 13. c3 Ne5 14. Qc2 a6
15. Be2 Bxf5 16. Qxf5 Re8 17. Rad1 Rc8 18. Rfe1 Rc6 19. g3 Rd6 20. Qc2 Qa5 21.
Qb3 b6 22. a3 Kh8 23. h3 Be7 24. Rd4 Nc4 25. Bxc4 dxc4 26. Qxc4 Re6 27. Rd5 b5
28. Qg4 Bd6 29. Re2 R8e7 30. Bd4 Be5 31. Rdxe5 {Hossa resigns} 1-0

[Event "ICS Rated blitz match"]
[Site "204.178.125.65"]
[Date "1999.09.29"]
[Round "?"]
[White "Zippy"]
[Black "Hossa"]
[Result "1/2-1/2"]
[WhiteElo "2410"]
[BlackElo "2495"]
[Annotator "Fritz 5.32 (22s)"]
[PlyCount "158"]
[EventDate "1999.??.??"]

1. e4 e5 2. Nf3 Nc6 3. Bb5 a6 4. Ba4 Nf6 5. O-O Be7 6. Bxc6 dxc6 7. Nxe5 Nxe4
8. d3 $146 (8. Qe2 Nc5 9. Re1 Ne6 10. c3 O-O 11. d4 c5 12. d5 Ng5 (12... f6 13.
Nc6 bxc6 14. dxe6 f5 15. Bf4 Rf6 16. Rd1 Qe8 17. Bxc7 Bxe6 18. Nd2 Qg6 19. Nf3
Qh5 20. Rd2 Re8 21. Ne5 Bf7 22. Nxf7 Qxe2 23. Nh6+ Rxh6 24. Rxe2 Kf8 25. Rae1
Rf6 26. c4 f4 27. Be5 Re6 28. Bxg7+ {
1-0 Fischer,G-Feist,R/GER Mittelfranken-ch 1995/EXT 97 (28)}) 13. h4 f6 14. Nc4
Nh3+ 15. gxh3 Bxh3 16. Qxe7 Qxd5 17. Qe4 Qh5 18. Ne3 Rae8 19. Qf4 g5 20. Qg3
Bd7 21. Bd2 Kh8 22. hxg5 22... Re4 {
Fischer,G-Sand,P/Mittelfranken 1991/EXT 99/1-0 (37)}) (8. Re1 Nf6 9. Qe2 Be6
10. d3 (10. Nc3 O-O 11. Nxf7 Bxf7 12. Qxe7 Qd4 13. d3 Nd5 14. Be3 Qg4 15. Qe4
Qh5 16. Ne2 Rae8 17. Qd4 Nxe3 18. fxe3 c5 19. Qf4 Bb3 20. Ng3 Qd5 21. c4 Qxd3
22. Qxc7 Bxc4 23. Qxc5 Rc8 24. Qd4 Qc2 25. Red1 Qf2+ 26. Kh1 b5 27. Ne4 Qe2 28.
Re1 Qh5 29. Ng3 Qg5 30. b3 30... Bd5 {
- Gufeld,E-Chukaev,E/Tbilisi 1956/EXT 99 (30)}) 10... Nd7 (10... O-O 11. Nxf7
Bxf7 12. Qxe7 Qd4 13. Qxc7 Rae8 14. Be3 Qxb2 15. Nd2 Nd5 16. Qg3 Nxe3 17. fxe3
Qxc2 18. Ne4 Qxd3 19. Nf6+ Kh8 20. Nxe8 Rxe8 21. Rad1 Qg6 22. Qxg6 hxg6 23. Rd7
Bxa2 24. Rxb7 Bc4 25. e4 {Zhugder-Maher,V/Moscow 1956/MCD/1-0 (40)}) 11. Nc3
Nxe5 12. Qxe5 O-O 13. Ne4 Qd7 14. Bf4 Rac8 15. Nc5 Bxc5 16. Qxc5 Rfe8 17. Re3
Bd5 18. Rae1 b6 19. Qc3 Rxe3 20. fxe3 f6 21. h3 Kf7 22. b3 {
- Lombardy,W-Van der Sterren,P/Amsterdam 1985/MCD (22)}) 8... Nd6 9. Nc3 O-O
10. Re1 Re8 11. Bf4 11... f6 {Staerkt g5} 12. Ng4 b6 13. Qf3 Bd7 14. b3 $11 {
Kontrolliert c4} (14. Ne3 14... Ra7 $14) 14... Nb5 15. Nxb5 axb5 16. c4 $15 (
16. Qg3 Qc8 17. Nh6+ 17... Kf8 $15) 16... bxc4 $11 (16... Bc5 17. Rxe8+ Qxe8
18. Ne3 $15 (18. Bxc7 $2 {ist falsch} 18... Rxa2 19. Rf1 19... bxc4 $19)) 17.
dxc4 ({Jedoch nicht} 17. bxc4 17... Bc5 $17) 17... Qc8 18. Ne3 Bb4 19. Re2 Ra3
20. Nc2 Rxe2 21. Qxe2 Bc3 22. Nxa3 Bxa1 23. Nc2 Bb2 24. Qe7 24... c5 $14 (24...
Bc3 25. a3 $11) 25. Ne3 Bc1 26. Nd5 Bxf4 27. Nxf4 Bf5 (27... Qe8 28. Qxe8+ Bxe8
29. Nd5 $14) 28. Nd5 Bd7 29. f4 h6 30. Kf2 30... Kh8 $16 (30... Bc6 31. Nxc7
Qg4 32. Qe6+ Qxe6 33. Nxe6 $16) 31. g3 Kg8 32. a3 Kh8 33. Qf7 $11 (33. a4 $5
$16) 33... Qd8 34. h4 34... Kh7 $14 (34... c6 35. Qe7 Qxe7 36. Nxe7 $11) 35.
Ke3 Kh8 36. a4 c6 37. Qe7 Qxe7+ 38. Nxe7 38... Kh7 $14 (38... g6 39. g4 g5 40.
hxg5 hxg5 41. Nf5 $11) 39. f5 h5 40. Kd3 40... Kh6 $2 $18 (40... g6 $14 $142 {
damit waere Schwarz im Spiel geblieben}) 41. Kd2 $14 (41. b4 cxb4 42. c5 bxc5
43. a5 c4+ 44. Kxc4 $18) 41... Kh7 $16 (41... g6 $5 $14 $142 {ist interessant})
42. Ke3 $14 (42. b4 cxb4 43. c5 $18) 42... Kh6 43. Kf4 Kh7 44. Kf3 Kh6 45. Ke4
Kh7 46. Kf4 Kh6 47. Ng6 Be8 48. Nf8 g6 49. fxg6 {
g6 setzt sich schnell in Bewegung} 49... Kg7 50. Ne6+ Kxg6 51. Nxc5 $4 $15 {
laesst den Gewinn aus} (51. Nc7 $142 {nun kommt Weiss in Vorteil} 51... Kf7 52.
Na8 $18 (52. Nxe8 Kxe8 53. g4 hxg4 54. Kxg4 54... Kf8 $18)) 51... bxc5 52. a5
Bd7 53. a6 Bc8 54. a7 Bb7 55. g4 hxg4 56. Kxg4 {
Der Freibauer h4 greift sofort ein} 56... Ba8 $16 (56... Kf7 $5 $11 $142 {
ist bedenkenswert}) 57. h5+ Kf7 58. Kf5 $11 (58. Kf4 Bb7 59. Kf5 $11) 58... Bb7
59. Ke4 Ke7 60. h6 Kf7 61. Kf5 {Weiss aktiviert den Koenig} 61... Bc8+ 62. Kf4
{Es droht Matt} 62... Bb7 63. h7 {Droht Matt} 63... Kg7 64. h8=Q+ $4 $19 {
danach kann Weiss alle Traeume begraben} (64. Kf5 Bc8+ 65. Ke4 $14) 64... Kxh8
65. Kf5 {Der weisse Koenig wird gefaehrlich} 65... Kg8 66. Ke6 $11 (66. Kxf6
66... Kf8 $11) 66... Ba8 67. Kd6 67... f5 $4 $18 {danach wendet sich das Blatt}
(67... Kf8 $11 $142 {und Schwarz spielt mit}) 68. Kc7 $1 {die Entscheidung}
68... f4 69. Kb8 f3 70. Kxa8 f2 71. Kb7 f1=Q 72. a8=Q+ Kf7 73. Kb6 Qd3 74. Kxc5
$4 $11 {vergibt den sicheren Gewinn} (74. Qb7+ $142 {machte sofort alles klar}
74... Kf6 75. Qxc6+ Kg7 76. Qb7+ Kf8 77. Kxc5 Qe3+ 78. Kb4 $18) 74... Qe3+ 75.
Kb4 Qe1+ 76. Kc5 Qe3+ 77. Kb4 Qe1+ 78. Kc5 Qe3+ 79. Kb4 Qe1+ 1/2-1/2

[Event "ICS Rated blitz match"]
[Site "204.178.125.65"]
[Date "1999.10.05"]
[Round "?"]
[White "Zippy"]
[Black "Hossa"]
[Result "0-1"]
[WhiteElo "2243"]
[BlackElo "2434"]
[PlyCount "128"]
[EventDate "1999.??.??"]

1. e4 e5 2. Nf3 Nc6 3. Bb5 a6 4. Ba4 Nf6 5. O-O Be7 6. Bxc6 dxc6 7. Nxe5 Nxe4
8. d3 Nd6 9. Nc3 O-O 10. Bf4 f6 11. Nf3 Bg4 12. h3 Bh5 13. Qe2 Qd7 14. Rae1
Rfe8 15. Qe6+ Qxe6 16. Rxe6 Bxf3 17. Rfe1 Bf8 18. gxf3 Rxe6 19. Rxe6 Kf7 20.
Re2 b6 21. a3 Re8 22. h4 Be7 23. h5 g6 24. hxg6+ Kxg6 25. Kf1 Bd8 26. Ne4 Nf5
27. c3 Ng7 28. d4 f5 29. Nd2 Rxe2 30. Kxe2 Ne6 31. Bh2 f4 32. Kd3 Kf5 33. Nc4
Bf6 34. Nd2 h5 35. Ne4 Bg7 36. a4 a5 37. Bg1 h4 38. b3 h3 39. Bh2 Bh8 40. Kc4
Bf6 41. Nxf6 Kxf6 42. Kd3 Kf5 43. Kd2 c5 44. d5 Ng5 45. Ke2 Nf7 46. c4 Nd6 47.
Kf1 Ke5 48. Kg1 Nf5 49. Kh1 Nd4 50. Bg1 Nxf3 51. Bh2 Nd2 52. Bg1 Kf5 53. Kh2
Kg4 54. f3+ Nxf3+ 55. Kh1 Nxg1 56. d6 cxd6 57. Kxg1 Kg3 58. Kf1 f3 59. Ke1 h2
60. Kd2 f2 61. b4 f1=Q 62. bxc5 Qf2+ 63. Kd3 h1=Q 64. Kc3 64... Qhf3# {
Zippy checkmated} 0-1